| 000 | 005140000a22001690004500 | ||
|---|---|---|---|
| 003 | LK-CoMWRAF | ||
| 008 | 230817t ||||| |||| 00| 0 eng d | ||
| 040 |
_aLK-CoMWRAF _dLK-CoMWRAF _eLK-CoMWRAF |
||
| 041 | _aeng | ||
| 082 |
_a150 _bRAZ |
||
| 100 | _aRazzak, M.I.Abdur | ||
| 245 |
_aIslamiya Waalviyal (Islamic Way of Life) _bPrirachchinaikalum Theervugalum (Problems and Solutions) |
||
| 260 |
_bThe World Islamic Call Society _aSri Lanka (Colombo 07) _c1997 |
||
| 300 | _ap.230 | ||
| 650 | _aIslam | ||
| 942 | _cBK | ||
| 999 |
_c1696 _d1696 |
||